Textbook Of Microbiology (Record no. 404)
[ view plain ]
| 000 -LEADER | |
|---|---|
| fixed length control field | 00370nam a22001577a 4500 |
| 020 ## - INTERNATIONAL STANDARD BOOK NUMBER | |
| International Standard Book Number | 8125017429 |
| 041 ## - LANGUAGE CODE | |
| Language code of text/sound track or separate title | ENG |
| 100 ## - MAIN ENTRY--PERSONAL NAME | |
| Personal name | Ananthanarayan .R |
| 245 ## - TITLE STATEMENT | |
| Title | Textbook Of Microbiology |
| 250 ## - EDITION STATEMENT | |
| Edition statement | Sixth ED |
| 260 ## - PUBLICATION, DISTRIBUTION, ETC. (IMPRINT) | |
| Place of publication, distribution, etc | Hayerabad |
| Name of publisher, distributor, etc | Orient Longman Private |
| Date of publication, distribution, etc | 198 |
| 300 ## - PHYSICAL DESCRIPTION | |
| Extent | 612 |
| 650 ## - SUBJECT ADDED ENTRY--TOPICAL TERM | |
| Topical term or geographic name as entry element | Agricultural |
| 700 ## - ADDED ENTRY--PERSONAL NAME | |
| Personal name | Paniker .C.K.J |
| 856 ## - ELECTRONIC LOCATION AND ACCESS | |
| Uniform Resource Identifier | Agricultural |
| Withdrawn status | Lost status | Source of classification or shelving scheme | Damaged status | Not for loan | Home library | Current library | Shelving location | Date acquired | Total Checkouts | Barcode | Date last seen | Price effective from | Koha item type |
|---|---|---|---|---|---|---|---|---|---|---|---|---|---|
| Dewey Decimal Classification | College of Agricultural Engineering and Technology, Dapoli , Library | College of Agricultural Engineering and Technology, Dapoli , Library | Book Cart | 25/08/2021 | 000641 | 25/08/2021 | 25/08/2021 | Books | |||||
| Dewey Decimal Classification | College of Agricultural Engineering and Technology, Dapoli , Library | College of Agricultural Engineering and Technology, Dapoli , Library | Book Cart | 25/08/2021 | 000642 | 25/08/2021 | 25/08/2021 | Books | |||||
| Dewey Decimal Classification | College of Agricultural Engineering and Technology, Dapoli , Library | College of Agricultural Engineering and Technology, Dapoli , Library | Book Cart | 25/08/2021 | 000643 | 25/08/2021 | 25/08/2021 | Books |